European competitiveness

Saved in:
Bibliographic Details
Other Authors: Hughes, Kirsty S.
Format: Book
Language:English
Published: New York Cambridge University Press 2008
Subjects:
Tags: Add Tag
No Tags, Be the first to tag this record!

MARC

LEADER 00000nam$a2200000$$$4500
001 0078225
005 20240109070907.9
020 |a 978-0-521-06433-0 
041 0 |a eng 
044 |a US 
245 1 0 |a European competitiveness  |c edited by Kirsty S. Hughes 
264 1 |a New York  |b Cambridge University Press  |c 2008 
300 |a xi, 293 s. 
610 2 0 |a konkurencieschopnosť 
610 2 0 |a Európsky ekonomický priestor 
610 2 0 |a Európska únia 
610 2 0 |a politika hospodárska 
610 2 0 |a inovácia 
610 2 0 |a technológia 
700 1 |a Hughes, Kirsty S.